Statistics for World Series Cricket 1977-79 World XI Players

Click here to take the quiz!

General Stats

  • This quiz has been taken 21 times
  • The average score is 11 of 21

Answer Stats

Players Name % Correct
Viv Richards
81%
Barry Richards
81%
Tony Greig
81%
Alan Knott
81%
Derek Underwood
75%
Clive Lloyd
69%
Imran Khan
63%
Andy Roberts
56%
Gordon Greenidge
56%
Dennis Amiss
56%
Joel Garner
50%
Clive Rice
44%
Zaheer Abbas
44%
Eddie Barlow
44%
Majid Khan
38%
Garth Le Roux
31%
Javed Miandad
31%
Mike Procter
25%
Asif Iqbal
25%
Roy Fredericks
25%
Wayne Daniel
25%

Score Distribution

Percentile by Number Answered

Percent of People with Each Score

Your Score History

You have not taken this quiz